书目信息 |
| 题名: |
史上第一混乱
|
|
| 作者: | 张小花 著 | |
| 分册: | 第一季 神仙预备役 | |
| 出版信息: | 合肥 黄山书社 2009.01 |
|
| 页数: | 303页 | |
| 开本: | 24cm | |
| 丛书名: | ||
| 单 册: | ||
| 中图分类: | I247.59 | |
| 科图分类: | ||
| 主题词: | 长篇小说--chang pian xiao shuo--中国--现代 | |
| 电子资源: | ||
| ISBN: | 978-7-5461-0201-6 | |
| 000 | 00957nam0 2200241 450 | |
| 001 | 012010353238 | |
| 005 | 20100411193234.57 | |
| 010 | @a978-7-5461-0201-6@dCNY26.80 | |
| 100 | @a20100411d2009 em y0chiy0120 ea | |
| 101 | 0 | @achi |
| 102 | @aCN@b340000 | |
| 105 | @ay z 000ay | |
| 106 | @ar | |
| 200 | 1 | @a史上第一混乱@Ashi shang di yi hun luan@h第一季@i神仙预备役@f张小花著@Fzhang xiao hua zhu |
| 210 | @a合肥@c黄山书社@d2009.01 | |
| 215 | @a303页@d24cm | |
| 330 | @a本书内容简介:我,小强,没招谁惹谁,被一个名叫刘老六的神仙忽悠成了神仙预备役,也就是见习神仙。此后的一年里,在我工作的“第好几号当铺”里接待了一系列历史穿越客户:荆柯、秦始皇、刘邦、项羽、李师师,发生了一连串让人喷饭、呛水、昏倒的故事。 | |
| 517 | 1 | @a神仙预备役@Ashen xian yu bei yi |
| 606 | 0 | @a长篇小说@Achang pian xiao shuo@y中国@z现代 |
| 690 | @aI247.59@v4 | |
| 701 | 0 | @a张小花@Azhang xiao hua@4著 |
| 801 | 0 | @aCN@bQSSK@c20100411 |
| 905 | @b777196-98@dI247.59@eZ212:1@f3 | |
| 史上第一混乱.第一季.神仙预备役/张小花著.-合肥:黄山书社,2009.01 |
| 303页;24cm |
| ISBN 978-7-5461-0201-6:CNY26.80 |
| 本书内容简介:我,小强,没招谁惹谁,被一个名叫刘老六的神仙忽悠成了神仙预备役,也就是见习神仙。此后的一年里,在我工作的“第好几号当铺”里接待了一系列历史穿越客户:荆柯、秦始皇、刘邦、项羽、李师师,发生了一连串让人喷饭、呛水、昏倒的故事。 |
| ● |
| 相关链接 |
|
|
|
正题名:史上第一混乱
索取号:I247.59/Z212:1
 
预约/预借
| 序号 | 登录号 | 条形码 | 馆藏地/架位号 | 状态 | 备注 |
| 1 | 777196 | 207771963 | 文学库108/ [索取号:I247.59/Z212:1] |
已借出,限还日期为2037.02.16 借出人:中级法院 |
|
| 2 | 777197 | 207771972 | 文学库108/108文学库 57排8列2层/ [索取号:I247.59/Z212:1] | 在馆 | |
| 3 | 777198 | 207771981 | 文学库108/ [索取号:I247.59/Z212:1] |
已借出,限还日期为2037.02.16 借出人:中级法院 |